[Event "Corus Wijk aan Zee"]
[Site " Wijk aan Zee"]
[Date "2007.01.28"]
[Round "13"]
[White "GM Aronian, Levon (ARM) "]
[Black "GM Tiviakov, Sergey (NED)"]
[Result "1-0"]
[WhiteElo "2744"]
[BlackElo "2682"]
[Annotator "Manowar (îíëàéí)"]
[PlyCount "85"]
[EventDate "2007.01.??"]
[EventType "tourn"]
[EventCountry "NED"]
[EventCategory "19"]
[Source "CrestBook.com"]
[TimeControl "40/7200:20/3600:1800"]

{Çäðàâñòâóéòå! Ñåãîäíÿ, êàê è â÷åðà, äëÿ âàñ ñíîâà ðàáîòàåò Manowar. Ìîé
íûíåøíèé îíëàéí-ðåïîðòàæ ïîñâÿù¸í ïàðòèè Àðîíÿí - Òèâÿêîâ, à ãðîññìåéñòåð
Ñåðãåé Øèïîâ êîììåíòèðóåò ïîåäèíîê Ðàäæàáîâ - Òîïàëîâ. Â Âåéê-àí-Çåå ñåãîäíÿ
âñ¸ ðåøèòñÿ. Ïåðåä ïîñëåäíèì òóðîì ó Ðàäæàáîâà è Òîïàëîâà ïî 8 î÷êîâ, à
Àðîíÿí îòñòàåò îò ëèäåðîâ íà ïîë-î÷êà è íàâåðíÿêà áóäåò ñòðåìèòüñÿ ê ïîáåäå,
êîòîðàÿ äàñò Ëåâîíó øàíñû íà äåë,æ ïåðâîãî ìåñòà. Â òî æå âðåìÿ åãî ñîïåðíèê
Ñåðãåé Òèâÿêîâ â ïðåäûäóùèõ ïàðòèÿõ ïîêàçàë, ÷òî óìååò óñïåøíî çàùèùàòüñÿ îò
àòàê òîï-èãðîêîâ. Ñíàðÿä èëè áðîíÿ - êòî ïîáåäèò íà ýòîò ðàç? Çàòàèâ äûõàíèå,
ñìîòðèì!} 1. d4 Nf6 2. c4 e6 3. Nf3 b6 4. g3 Bb7 5. Bg2 Be7 6. O-O {Íîâîèíäèéñê
àÿ çàùèòà - íàä,æíûé äåáþò. Íî îòíþäü íå òàêîé ïðåñíûé, êàê åãî èíîãäà
ïûòàþòñÿ ïðåäñòàâèòü.} c6 {×¸ðíûå ãîòîâÿò ïðîäâèæåíèå d7-d5. Îíè ñîãëàñíû íà
íåñêîëüêî ñòåñí,ííóþ, íî ïðî÷íóþ ïîçèöèþ áåç ñëàáîñòåé. Òèâÿêîâ, êîíå÷íî
æå, çíàåò î òîì, ÷òî åãî ñîïåðíèêó íóæíà òîëüêî ïîáåäà.} 7. Nc3 d5 8. Nd2 {
Ñîãëàñíî ìîåé áàçå - íîâèíêà! Óæå íà ñåäüìîì õîäó! À âåäü õîäó Ëåâîíà íå
îòêàæåøü â ëîãèêå - êîíü îòêðûë äèàãîíàëü ñèëüíîìó ñëîíó è çàùèòèë ïåøêó ñ4.
Ðàíåå èãðàëè áåëûå â ýòîé ïîçèöèè èãðàëè 0-0, cd, Bg5 èëè Ne5. Â ïîñëåäíåì
ñëó÷àå êîíü ïîïàäàåò ïîä ðàçìåí ïîñëå åñòåñòâåííîãî Nbd7. Íàâåðíÿêà Ëåâîí
æåëàåò óâåñòè ïàðòèþ ñ ïðîòîðåííûõ ïóòåé è ñîõðàíèòü ïîáîëüøå ôèãóð. ×òî æå,
íåëüçÿ íå ïðèçíàòü, ÷òî òàêîé ñïîñîá èãðû íà ïîáåäó èìååò ñìûñë.} O-O {
Ïîñëå íåäîëãèõ ðàçäóìèé Òèâÿêîâ ñäåëàë ñàìûé åñòåñòâåííûé õîä. Çäåñü ÿ äîëæåí
èçâèíèòüñÿ çà íåòî÷íîñòü. Íà ñàìîì äåëå õîä 7. Nd2 óæå îäíàæäû âñòðå÷àëñÿ -
â ïàðòèè Äîðôìàí - Áèøîôô â 1999 ãîäó.} 9. e4 dxc4 ({
Â ïàðòèè-ïåðâîèñòî÷íèêå áûëî ñûãðàíî} 9... Na6 {. Íî òåïåðü åñòåñòâåííîå 10.
Nc4 âåä,ò ñ ïåðåñòàíîâêîé õîäîâ ê õîðîøî èçâåñòíîé ïîçèöèè.}) 10. Nxc4 Ba6 11.
b3 b5 12. Ne3 b4 13. Ne2 {×åðíûå çàõâàòèëè ïðîñòðàíñòâî íà ôåðçåâîì ôëàíãå è
îòòåñíèëè áåëûõ êîíåé, íî ñîçäàëè ñåáå ñëàáîñòè. Âïðî÷åì, ïîêà âñå õîðîøî
èçâåñòíî} Bxe2 14. Qxe2 Qxd4 15. Bb2 Qb6 16. Nc4 {#} Qb5 {Áåëûå ïîæåðòâîâàëè
ïåøêó, íî ðàçâèëè îïðåäåë,ííóþ àêòèâíîñòü. Òåêóùàÿ ïîçèöèÿ âñòðå÷àëàñü íà
ïðàêòèêå òðèæäû, ïðè÷,ì âïåðâûå - â 1946 ãîäó â ïàðòèè Ñìûñëîâ - Ãèìàð. Âî
âñåõ òð,õ ïàðòèÿõ áåëûå áèëè ñëîíîì íà f6.} 17. Bxf6 Bxf6 {Êîììåíòàòîðû ïàðòèè
Ñìûñëîâ - Ãèìàð ïîñ÷èòàëè ñäåëàííûé â íåé õîä 17... gf áîëåå ñèëüíûì.
Âïðî÷åì, âñå è îíà, è îáå ïàðòèè, ãäå ÷¸ðíûå áðàëè ñëîíîì, çàêîí÷èëèñü
âíè÷üþ.} (17... gxf6 18. Rad1 a5 19. Rfe1 a4 20. e5 Ra7 21. Qf3 f5 22. g4
fxg4 23. Qxg4+ Kh8 24. Kh1 axb3 25. axb3 Qc5 26. Re3 f5 27. exf6 Bxf6 28. Qxe6
Re7 29. Qd6 Qxd6 30. Rxd6 Rxe3 31. fxe3 Kg7 32. Be4 Rd8 33. Kg2 Rxd6 34. Nxd6
c5 35. Ne8+ Kf7 36. Nxf6 Kxf6 37. Bxh7 Nc6 38. Kf3 c4 39. bxc4 Ne5+ {
1/2-1/2 Smyslov,V-Guimard,C/Groningen 1946/MCL/[ChessBase]}) 18. e5 Be7 {
Ëþáîïûòíî, ÷òî â ïàðòèè Áðîäñêèé - Òèâÿêîâ, ñûãðàííîé ïîëòîðà ãîäà íàçàä, â
ýòîé ïîçèöèè ñîïåðíèêè ñîãëàñèëèñü íàíè÷üþ!} 19. Rad1 $146 {Íîâèíêà! Â
Íèêà - Ìàðè÷, ñûãðàííîé íà Øàõìàòíîé Îëèìïèàäå â Ñàëîíèêàõ â 1988 ãîäó,
ìàëîèçâåñòíàÿ øàõìàòèñòêà ïîñòàâèëà íà d1 äðóãóþ ëàäüþ.} (19. Rfd1 a5 20. Rd2
Ra7 21. Rad1 Rc7 22. Rd4 Na6 {
- äàâëåíèå áåëûõ ïîëíîñòüþ êîìïåíñèðóåò íåäîñòàþùóþ ïåøêó.} 23. Be4 Nc5 24.
Bc2 f5 25. exf6 Bxf6 26. Qh5 Nd3 27. Qxb5 cxb5 28. R4xd3 bxc4 29. bxc4 Rxc4 30.
Bb3 Re4 31. Rd6 Re8 32. Ra6 Bc3 {
1/2-1/2 Nika,K (2035)-Maric,A (2345)/Thessaloniki 1988/EXT 97}) 19... a5 {
Ïàðòèÿ ìîæåò ñâåñòèñü ê ïîçèöèÿì èç ïðåäûäóùåãî ïðèìå÷àíèÿ. ß îòêàçûâàþñü
îáúÿâëÿòü õîäû íîâèíêàìè! Èáî Ëåâîí ñ Ñåðãååì ìåíÿ òóò æå îïðîâåðãàþò! À åñëè
ñåðü¸çíî, áåëûå ïîëó÷èëè äîñòàòî÷íóþ ïîçèöèîííóþ êîìïåíñàöèþ çà ïåøêó -
íî íå äóìàþ, ÷òî ó íèõ åñòü ñåðü¸çíûé ïåðåâåñ. Ñåé÷àñ Ëåâîí çàäóìàëñÿ.
Íåîáõîäèìî âûáðàòü áîëåå âåðíóþ ðåäàêöèþ ñäâîåíèÿ ëàäåé ïî îòêðûòîéâåðòèêàëè:
Rd2 èëè Rd3.} 20. Be4 {Íå óãàäàë. Ëåâîí àêòèâèçèðóåò ñëîíà è íåäâóñìûñëåííî
íàìåêàåò ïàðòí,ðó íà âîçìîæíîñòü àòàêè íà êîðîëåâñêîì ôëàíãå. Êàæåòñÿ, ñòîèëî
âñ¸ æå ñíà÷àëà çàõâàòèòü ëèíèþ «d».} Ra7 21. h4 {Àãðåññèâíî! Íî ñåé÷àñ ÷,
ðíûå ìîãóò ïîñòàâèòü êîíÿ íà d7, ðåøàÿ ïðîáëåìó ðàçâèòèÿ ñâîåé ñàìîé ïëîõîé
ôèãóðû.} Nd7 22. h5 {Íà å5 íå âèñèò èç-çà óäàðà íà h7. Ïîýòîìó ÷¸ðíûì ñòîèò
çàòåÿòü êîíòðèãðó íà ôåðçåâîì ôëàíãå ïóòåì 23... Nc5 èëè 23... a4. Êàæåòñÿ,
ïëàí Àðîíÿíà, ñâÿçàííûé ñ âûõîäîì ñëîíà íà å4 è ïðîäâèæåíèåì êðàéíåé ïåøêè áûë
íå ñèëüíåéøèì, è Òèâÿêîâó óäàëîñü óðàâíÿòü èãðó!  #} Nxe5 $6 23. Qe3 $1 {
Åùå ñèëüíåå, ÷åì âçÿòèå íà h7!} Ng4 {Âîò òàê òàê! Òèâÿêîâ ïîæåðòâîâàë öåëóþ
ëàäüþ è áðîñèëñÿ â êîíòðàòàêó. Äîñòàòî÷íà ëè îíà? Ìîé æåëåçíûé ïîìîùíèê â
ýòîì ñèëüíî ñîìíåâàåòñÿ!} 24. Qxa7 Qxh5 ({Âîçìîæåí  (ïîñëå} 24... Qxh5 {
âàðèàíò:} 25. Kg2 Bc5 26. Qxa5 Qh2+ 27. Kf3 Nxf2 28. Qxc5 Nxd1 29. Bxh7+ Qxh7
30. Rxd1 {- ó ÷¸ðíûõ íåò äîñòàòî÷íîé êîìïåíñàöèè çà ïîæåðòâîâàííûé ìàòåðèàë.}
) 25. Kg2 Bc5 26. Qxa5 ({Ðàçóìååòñÿ, Ëåâîíà íå ìîãëî óñòðîèòü òðóñëèâîå} 26.
Rh1 Qxh1+ 27. Rxh1 Bxa7 28. Bxh7+ {ñ âå÷íûì øàõîì.} Kh8) 26... Qh2+ {
Ó Àðîíÿíà åäèíñòâåííûé âîçìîæíûé ïî ïðàâèëàì õîä, íî Ëåâîí çàäóìàëñÿ. Íåóæåëè
Òèâÿêîâ ïðåäëîæèëíè÷üþ?} 27. Kf3 Bxf2 {
Ïîõîæå, ýòî ïðîèãðûâàåò äîâîëüíî áûñòðî.} 28. Rd8 ({Ñðàçó âûèãðûâàëî} 28. Bxh7+
Kh8 ({åù¸ õóæå} 28... Qxh7 29. Kxg4 Qg6+ 30. Kf3 Qxg3+ 31. Ke2) 29. Be4 Qxg3+
30. Ke2 {- ó ÷¸ðíûõ íåò íè ìàòåðèàëà, íè àòàêè.}) 28... Qxg3+ 29. Ke2 Bc5 30.
Rxf8+ Bxf8 31. Qa7 {
È ñåé÷àñ ÷¸ðíûì íå ïîçàâèäóåøü, íî áîðüáà åù¸ ïðîäîëæàåòñÿ.} ({Ïîñëå (ïîñëå} 
31. Qa7 {)} Qh2+ 32. Kd1 f6 {áåëûì ñòîèò öèíè÷íî çàïàñòèòü ïåøêîé -} 33. Bxc6
{. Íåñìîòðÿ íà íåîáåñïå÷åííîñòü áåëîãî êîðîëÿ, ÷¸ðíûå íå ìîãóò ñîçäàòü ñåðü,
çíûõ óãðîç, à ïåøêè êîðîëåâñêîãî ôëàíãà ïðè ôåðçÿõ íèêóäà íå ïðîéäóò.}) 31...
Qh2+ {Õîä ñäåëàí ïîñëå î÷åíü äîëãîãî ðàçäóìüÿ.} 32. Kd1 f6 {Âðåìÿ: 1.11 - 0.
22. Ïîçèöèÿ íåñòàíäàðòíà, íåïðîñòà äëÿ ðàçûãðûâàíèÿ, íî îáúåêòèâíî âûèãðàíà
äëÿ áåëûõ. ×¸ðíàÿ ïåøå÷íàÿ êîìïåíñàöèÿ ñòîèò íà ìåñòå, à ëàäüÿ áåëûõ â
ëþáîé ìîìåíò ïîäêëþ÷èòñÿ â áîé, è òîãäà êîðîëþ Òèâÿêîâà ñòàíåò íåñëàäêî.}
33. Qd7 {È òàê òîæå õîðîøî} Nf2+ 34. Ke1 {Êîìïüþòåð ãîëîñóåò çà îòõîä íà
êîðîëÿ íà ñ1, íî è õîä â ïàðòèè ñîõðàíÿåò çà áåëûìè ðåøàþùåå ïðåèìóùåñòâî.}
Nxe4 35. Qxe6+ Kh8 36. Qxe4 Qxa2 37. Qe8 Kg8 {Ñåðèÿ ôîðñèðîâàííûõ õîäîâ
çàêîí÷èëàñü. Áåëûì ñëåäóåò çàùèòèòü ïåøêó b3 ëàäü,é ñ f3 - ñðàçó èëè ïîñëå
ïðåäâàðèòåëüíîãî øàõà. Ïîñëå ýòîãî îíè äîëæíû ïåðåáðîñèòü ôèãóðû ïîáëèæå ê
íåïðèÿòåëüñêîìó êîðîëþ, èçáåãàÿ äî ïîðû äî âðåìåíè ðàçìåíà ôåðçåé.} 38. Rf3
Qb1+ 39. Kf2 c5 40. Qe6+ Kh8 {Êîíòðîëü âðåìåíè ïðîéäåí.} 41. Ne5 $1 {Ýôôåêòíî!}
({Ïðàâäà,} 41. Qf7 {òîæå âûèãðûâàëî.}) 41... h6 42. Nd7 {
×¸ðíûì îñòàëîñü æèòü ñîâñåì íåäîëãî.} Qc2+ 43. Qe2 ({Åù¸ ñèëüíåå áûëî} 43. Kg3
{, íî è òàê äîñòàòî÷íî. ×..ÐÍÛÅ ÑÄÀËÈÑÜ! Ñåðãåé Òèâÿêîâ ïðîèãðàë ýòó ïàðòèþ
èç-çà íåîáúÿñíèìîãî ïåðåõîäà â íåêîððåêòíóþ êîíòðàòàêó â ðàâíîé ïîçèöèè.
Ñàìîå óäèâèòåëüíîå çàêëþ÷àåòñÿ â òîì, ÷òî òàêàÿ èãðà ñîâåðøåííî íå
ñâîéñòâåííà ñòèëþ, êîòîðûé îí èñïîâåäóåò. À Ëåâîí ÷,òêî îáðàòèë
íåêîððåêòíóþ æåðòâó ñîïåðíèêà ñåáå íà ïîëüçó. Èòàê, ïåðâîå ìåñòî ðàçäåëèëè
òðîå: Àðîíÿí, Ðàäæàáîâ, Òîïàëîâ (â àëôàâèòíîì ïîðÿäêå). Íà ýòîì ÿ, Manowar,
ïðîùàþñü ñ âàìè. Äî íîâûõ âñòðå÷!}) 1-0

[Event "Corus Wijk aan Zee"]
[Site " Wijk aan Zee"]
[Date "2007.??.??"]
[Round "13"]
[White "GM Carlsen, Magnus (NOR)"]
[Black "GM Shirov, , Alexei (ESP)"]
[Result "1/2-1/2"]
[WhiteElo "2690"]
[BlackElo "2715"]
[Annotator "Ìèõàèë Êðîéòîð"]
[PlyCount "119"]
[EventDate "2007.01.??"]
[EventType "tourn"]
[EventCountry "NED"]
[EventCategory "19"]
[Source "CrestBook.com"]

1. e4 e5 2. Nf3 Nc6 3. Bb5 a6 4. Ba4 Nf6 5. O-O Be7 6. Re1 b5 7. Bb3 O-O 8. a3
d6 ({Íåñêîëüêî òóðîâ íàçàä â ïàðòèè ïðîòèâ Êàðëñåíà Ñâèäëåð ïðåäïî÷,ë ðàçâèòü
ñëîíà íà áîëåå àêòèâíóþ ïîçèöèþ.} 8... Bc5 9. c3 d6 {è ò.ä.}) 9. c3 {
Ìíîþ áûëî çàìå÷åíî, ÷òî «ñåâåðíîå ÷óäî» ïðåäïî÷èòàåò â èñïàíñêîé ïàðòèè
ðàçâèâàòü ïåøêè íà a3 è c3. Ïî ìíå, òàê õîä a3 - ïðîñòî ïîòåðÿ òåìïà, âñ¸
ðàâíî ïîäðûâ a4 ïîëåçíåé.} Na5 10. Bc2 c5 11. d4 Nd7 $146 {Ó ñåáÿ â áàçå òàêèõ
õîäîâ íå íàø,ë. Òàê ÷òî, ìîæåò áûòü, ýòî è íîâèíêà. ×àùå èãðàþò ôåðç,ì íà
c7 (êàê â âàðèàíòå ×èãîðèíà) èëè áüþò cxd4. Ñîáñòâåííî, è ñåé÷àñ ïîëó÷èëñÿ
âàðèàíò ×èãîðèíà, ñ ëþáîïûòíûìè íþàíñàìè.} (11... cxd4 12. cxd4 Bg4 13. dxe5
Bxf3 14. Qxf3 dxe5 15. Nc3 Nc6 16. Be3 Nd4 17. Bxd4 Qxd4 18. Bb3 Qb6 19. Red1
Bc5 20. Rac1 Bd4 21. Nd5 Nxd5 22. Bxd5 Rac8 23. Qxf7+ Kh8 24. Rxc8 Rxc8 25. Be6
Rd8 26. g3 Qd6 27. Rd2 Qc6 28. Rd3 Qe8 29. Rf3 Qxf7 30. Rxf7 Bxb2 31. Ra7 Bxa3
32. Rxa6 Bc5 33. Kg2 g6 34. Rc6 Bd4 35. Rc7 Rf8 36. f3 b4 37. h4 Rb8 38. Bb3 h5
39. f4 exf4 40. gxf4 Rf8 41. e5 Rxf4 42. e6 Bf6 43. e7 Bxe7 44. Rxe7 Rxh4 45.
Rb7 Rd4 46. Kf2 Rd3 47. Rxb4 Kg7 48. Rb5 Rd6 49. Bd5 Rf6+ 50. Ke3 Kh6 51. Rb8
Kg5 52. Be4 Kh6 53. Kd4 Rd6+ 54. Ke5 Ra6 55. Rb2 Kg7 56. Bd3 Rc6 57. Rb8 Rc5+
58. Kf4 Rc6 59. Rd8 Kh6 60. Rd7 Rf6+ 61. Ke5 Rb6 62. Be4 Kg5 63. Rd1 Kh6 64.
Rf1 Ra6 65. Rf8 Kg5 66. Rg8 Ra5+ 67. Bd5 Ra6 68. Rg7 Rb6 {
1/2-1/2 Ivanchuk,V (2705)-Akopian,V (2692)/Mallorca 2004/CBM 104}) (11... Qc7
12. Nbd2 Bd7 13. Nf1 Rfe8 14. b3 cxd4 15. cxd4 Bg4 16. d5 Bxf3 17. gxf3 Nh5 18.
Ng3 Nf4 19. Ne2 Rac8 20. Ra2 Bg5 21. Bxf4 Bxf4 22. Bd3 Bg5 23. a4 Qb6 24. axb5
axb5 25. Qb1 b4 26. Qb2 Rc5 27. Rea1 g6 28. Kg2 Rec8 29. Qb1 Bh4 30. Ng3 Bg5
31. Ne2 h5 32. Qd1 Kg7 33. Rb1 Qd8 34. Qe1 Rb8 35. Rc2 Qb6 36. Rxc5 Qxc5 37.
Rb2 Qb6 38. Qd1 Bh4 39. Qe1 Rc8 40. Rb1 Bg5 41. Rb2 Rc7 42. Rb1 Bh4 43. Rb2 Ra7
44. Rb1 Nb7 45. Rb2 Nc5 46. Bc4 Bg5 47. Qb1 Qa5 48. Nc1 Bxc1 49. Qxc1 Qd8 50.
Rb1 Ra3 51. Qd2 Qa5 52. Qe3 Ra2 53. f4 Ra1 54. Rb2 Nd7 55. fxe5 Nxe5 56. Qd4
Kh7 57. Be2 Re1 58. Rd2 Qc7 {
1/2-1/2 Suetin,A (2500)-Ivkov,B (2530)/Sochi 1980/MCD}) 12. b4 {
Èíòåðåñíûé óäàð, íå÷àñòûé äëÿ èñïàíñêîé ïàðòèè.} cxb4 ({
Êîíå÷íî, áðàòü íåîáÿçàòåëüíî. Ïîñëå} 12... Nc4 13. bxc5 dxc5 14. d5 {
áåëûå ïîëó÷àþò êðàñèâóþ ïåøêó d5, ÷¸ðíûå - êîíÿ íà c4.}) 13. cxb4 ({
ß áû ñûãðàë} 13. axb4 {
- ïîäâîäèòñÿ ïåøêà ê öåíòðó, îòêðûâàåòñÿ ëèíèÿ äëÿ ëàäüè...}) 13... Nc4 14. Nc3
Ndb6 {Íà÷àëüíûé ýòàï áîðüáû ÷¸ðíûå âûèãðàëè - îíè ïîëó÷èëè ñèëüíîãî êîíÿ íà
c4. Ïîçèöèÿ ðàâíà.} 15. h3 exd4 16. Nxd4 {
Ãðîçèò ïðîñòîå Nc6, ïîñëå ÷åãî ó áåëûõ ïîÿâëÿåòñÿ äâà ñëîíà.} Bf6 (16... Kh8
17. Nc6 Qc7 18. Nxe7 Qxe7 19. Qd4 $14) 17. Rb1 Bd7 18. Rb3 Re8 19. f4 {
Ìàãíóñ çàõâàòûâàåò òåððèòîðèþ - ãîòîâèòñÿ àòàêîâàòü êîðîëÿ. Îäíàêîîäíîâðåìåííî
îñëàáëÿåòñÿ çàùèòà áåëîãî êîðîëÿ. Íå çíàþ, íå çíàþ. Âî âñÿêîì ñëó÷àå, ýòî
õîä íà áîðüáó...} ({Çàñëóæèâàëî âíèìàíèÿ è} 19. Bf4 {
, íàäàâëèâàÿ íà ñëàáîñòü ÷¸ðíûõ - ïåøêó d6.}) 19... Rc8 {Åñòåñòâåííîå è
ñèëüíîå ïðîäîëæåíèå - ÷¸ðíûå óëó÷øàþò ïîçèöèè ñâîèõ ôèãóð. Íà ëèíèè «ñ»
ëàäüÿ ñìîòðèòñÿ ïðîñòî âåëèêîëåïíî! Îñîáåííî, åñëè åñëè ó÷åñòü, ÷òî íà íåé
ñòîëïèëîñü òàê ìíîãî áåëûõ ôèãóð.} 20. Kh1 g6 {Ãîòîâÿ óêðûòèå äëÿ ñëîíà.
Èíòåðåñíî, ìîæåò ëè ýòà ïîçèöèÿ ïîëó÷èòüñÿ èç âàðèàíòà äðàêîíà?} 21. Rf1 {
Áåëûå ÿâíî õîòÿò «äèâíóòü» f5.} Bg7 ({Îäíàêî, ïîñëå} 21... Qe7 22. f5 Rc7 23.
Bf4 g5 24. Bc1 h6 {ÿ áû ïîñòàâèë íà Øèðîâà!}) 22. Nce2 Na4 23. f5 Nab6 $6 {
ìàí¸âð êîí¸ì, êàê ìû âèäèì, âûëèëñÿ â ïîòåðþ âðåìåíè.} 24. Nf4 Qf6 $6 {
Îïàñíî ñòàâèòü ôåðçÿ íàïðîòèâ ëàäüè», - ãëàñèò íàðîäíàÿ ìóäðîñòü, ÷òî â
î÷åðåäíîé ðàç è ìîãëî ïîäòâåðäèòüñÿ.} ({Ïîõîæå, ëó÷øå áûëî} 24... Qh4 {
Ôåðçü âðûâàåòñÿ â ñàìóþ ãóùó ñîáûòèé!  È ÷òî òåïåðü? À âîò ÷òî:} 25. Nfe2 ({
à åñëè} 25. fxg6 $6 {, òî} hxg6 26. Qd3 Ne5 {- ó ÷¸ðíûõ ëó÷øå.}) 25... d5 $11
(25... Qd8 {ïîâòîðåíèå ïîçèöèè.})) 25. fxg6 fxg6 ({
«Çëîáíàÿ» àòàêà ïîëó÷àëàñü ïîñëå} 25... hxg6 26. Nfe6 Qh4 27. Bg5 Qh7 28.
Nxg7 Qxg7 29. Rf4 $1 Qh7 30. Rh4 Qg7 31. Rf3 {
, è ÷¸ðíûì íå îòáèòüñÿ. Ãðîçèò Bf6. Íàïðèìåð,} f5 32. exf5 Qe5 33. Qf1 Qe1 34.
f6 Qxf1+ 35. Rxf1 Ne5 36. Bxg6 Rf8 37. f7+ Kg7 38. Be4 $18) 26. Nf5 $6 ({
Äóìàåòñÿ, ìîæíî áûëî «íå ñòåñíÿòüñÿ» è âûèãðûâàòü ôåðçÿ:} 26. Nfe6 Rxe6 (
26... Qh4 $4 27. Bg5 Qh5 28. g4 {- ëàäüÿ íà b3 âñ¸ çàùèùàåò!}) 27. Rxf6 Rxf6 {
, è âûèãðûø áåëûõ - òîëüêî äåëî âðåìåíè.}) 26... Kh8 27. Nxg7 (27. Rg3 $5 {
(Øèïîâ) -} Nb2 $1 $11 {(Rybka)}) 27... Qxg7 28. Rg3 Rf8 29. e5 {
Âñêðûâàÿ ëèíèþ.} Nxe5 ({Ïðè äðóãîì âçÿòèè ðàñêðûâàëñÿ çàìûñåë áåëûõ -} 29...
dxe5 $2 30. Nxg6+ $1 hxg6 31. Rxf8+ Rxf8 32. Rxg6 {
- è íàäî ëèáî îòäàòü ôåðçÿ, ÷òîáû ìàò íå ïîëó÷èòü, ëèáî ñäàòüñÿ..}) 30. Bb2
Nbc4 {Òåïåðü æå æåðòâà êîíÿ íà g6 ïðèâîäèò âñåãî ëèøü ê óïðîùåíèþ ïîçèöèè,
ïðàâäà, íåêîòîðûé ïåðåâåñ ó áåëûõ ñîõðàíÿåòñÿ.} 31. Nxg6+ hxg6 32. Rxf8+ Rxf8
33. Bxg6 ({Ïîñëå} 33. Rxg6 Nxb2 34. Qh5+ Kg8 35. Rxg7+ Kxg7 {
ïîëó÷àåòñÿ ñëîæíûé ýíäøïèëü ñ ìèíèìàëüíûì ïðåèìóùåñòâîì ÷¸ðíûõ.}) 33... Bg4
$6 {Ýôôåêòíî!} ({Íî ñèëüíåå} 33... Qh6 {, ÷òî ñðàçó óðàâíèâàëî ïàðòèþ.} 34.
Bc1 Rf4 {È ëó÷øå âñåãî çäåñü} 35. Be4 ({â ñëó÷àå} 35. Bxf4 $6 Qxf4 {
íåêîòîðîå ïðåèìóùåñòâî óæå ó ÷¸ðíûõ - çà ñ÷,ò àêòèâíîñòè ôèãóð}) 35... Bg4
36. Bxf4 Qxf4 37. Rxg4 Nxg4 38. Qxg4 Qxg4 39. hxg4 Nxa3 40. Bb7 Kg7 41. Bxa6 d5
42. Kh2 {ñ íè÷åéíûì ýíäøïèëåì.}) 34. Rxg4 Qf6 {
Ñåé÷àñ æå Øèðîâ âûíóæäàåò ðàçìåí ôåðçåé - èíà÷å çàáåð,ò ïðîñòî ñëîíà íà b2.}
({Äðóãèå ïðîäîëæåíèÿ åù¸ õóæå:} 34... Qe7 35. Rg3 Qh4 36. Bxe5+ dxe5 37. Qd7
Rd8 38. Qc7 Rg8 39. Rg4 Qh6 40. Qf7 $18) (34... Nxb2 35. Rh4+ Kg8 36. Qd5+ Nf7
37. Bxf7+ Qxf7 38. Rg4+ Kh8 39. Qg5 Qh7 40. Rh4 $18) 35. Bd4 Qf1+ 36. Qxf1
Rxf1+ 37. Kh2 Nxa3 {Âîçíèê èíòåðåñíûé ýíäøïèëü. Äâà ñëîíà è ïåøå÷íàÿ ïàðà íà
êîðîëåâñêîì ôëàíãå äîëæíû ïðèíåñòè áåëûì ïîáåäó. Ïðîäâèãàÿ áåëûå ïåøêè (è
êîðîëÿ), ìîæíî ñîçäàòü ñåðü¸çíûå ìàòîâûå óãðîçû.} 38. Bd3 ({
Ñèëüíåå ñðàçó ïîäâîäèòü êîðîëÿ -} 38. Kg3 Rd1 ({
÷¸ðíûå íå ìîãóò âûéòè èç óãëà -} 38... Kg8 $4 39. Bxe5 dxe5 40. Bd3+ $18) 39.
Bf5 (39. Kh4 $2 Rxd4 $1 40. Rxd4 Nxg6+ $14) 39... Nac4 40. Kf2 a5 41. bxa5 Nxa5
42. Ke2 {, è êîðîëü èä,ò îáåçâðåæèâàòü ÷¸ðíûå ïåøêè.}) 38... Rd1 39. Rg3 Nac4
40. h4 ({Ëó÷øå ñíà÷àëà áûëî ïðèêðûòü ôåðçåâûé ôëàíã - êîðîëåâñêèé è òàê â
ðóêàõ áåëûõ. Ïîñëå} 40. Bc3 Nb6 41. Bc2 Rc1 42. Be4 {
áåëûå îòíèìàëè ó ÷¸ðíîãî êîíÿ âàæíîå ïîëå d5.}) 40... Nd2 ({À âåäü ïîñëå} 
40... Nb6 $1 41. h5 Nd5 {
÷¸ðíûå âûèãðûâàëè ïåøêó, óðàâíèâàÿ øàíñû. Íî ýòî áûë êîíòðîëüíûé õîä.}) 41.
Bc3 Ndc4 42. h5 Nb6 43. h6 Nd5 {×¸ðíûå âñ¸-òàêè ïîïàëè êîí¸ì íà d5 - íî â
õóäøåé ðåäàêöèè. Ïåøêà äîøëà äî h6 è áåëûå òåïåðü ìîãóò ïîñïåêóëèðîâàòü íà
ìàòîâûõ óãðîçàõ.} 44. Rf3 Nf6 45. Bf5 ({
Ìîæíî áûëî ñâåñòè âñ¸ äåëî ê ýíäøïèëþ «äâà ñëîíà ïðîòèâ ëàäüè» -} 45. Be2 $1
{È òåïåðü, êàê â ñëó÷àå} Nxf3+ ({òàê è ïðè} 45... Nfg4+ 46. Kg3 Rc1 47. Bb2
Rc8 48. Rf7 Nxh6 49. Rf6 Kg7 50. Rxd6 Nf5+ 51. Kf4 Nxd6 52. Bxe5+ Kf7 53. Bxd6
$18) 46. Bxf3 Rf1 47. Bxf6+ Kh7 48. Bg5 $18 {
ïîëó÷àþòñÿ îäíîòèïíûå ïîçèöèè: ïðè ïåøêàõ äâà ñëîíà îäåðæèâàþò ïîáåäó.})
45... Ng8 46. h7 {Åù¸ îäèí ëþáîïûòíûé ìîìåíò} ({À ÷òî áûëî áû â ñëó÷àå} 46.
Rh3 {? Íàâåðíîå, âñ¸-òàêè ÷¸ðíûå âûêàðàáêèâàëèñü.} Rf1 47. Bc8 Nf6 48. Bxa6
Rc1 {È òåïåðü:} {ñàìûå áîëüøèå øàíñû ó áåëûõ îñòàâàëèñü, âèäèìî, ïîñëå} 49. Bc8
({ïëîõî} 49. Bxb5 $2 Nfg4+ 50. Kg3 Rxc3+ $17 {- ó ÷¸ðíûõ ÿâíîå ïðåèìóùåñòâî.})
({ïîñëå} 49. Bxe5 dxe5 50. Bxb5 Rb1 51. Rh4 e4 52. Rf4 Rxb4 53. Rxf6 Rxb5 {
âñ¸ íåîæèäàííî âñ¸ ñâîäèòñÿ ê íè÷åéíîìó «ëàäåéíèêó».}) 49... Nd5 50. Bxe5+
dxe5 51. Bf5 Rc6 52. h7 Rc3 53. Rh5 Rc7 54. g4 {è íàäî èäòè âïåð,ä:} Ne3 ({
ïîñëå ïàññèâíîãî} 54... Nf6 55. Rh6 Rxh7 56. Rxh7+ Nxh7 57. Bxh7 Kxh7 58. Kg3
Kg6 59. Kf3 Kf6 60. Ke4 {áåëûå âûèãðûâàþò}) 55. Kg3 Nxf5+ 56. Rxf5 Kxh7 57.
Rxe5 Rb7 {è òåïåðü ñàìîìó ñòàëî èíòåðåñíî, ñìîãóò ëè ÷¸ðíûå óñòîÿòü...}) 46...
Nf6 47. Rh3 Rf1 {Óæå ïîõîæå íà íè÷üþ...} 48. g4 ({Èëè} 48. Bc8 Nd5 $11 {
. Òî åñòü:} 49. Bd2 Rd1 50. Bg5 Rd4 51. Bxa6 Rxb4) 48... Rf4 {Òåïåðü îäíà èç
ïåøåê - g4 èëè h7 - ãèáíåò. Íåò, èõ, êîíå÷íî, ìîæíî çàùèùàòü - íî òîãäà
ïîëó÷èòüñÿ ïîâòîðåíèå õîäîâ âñëåäñòâèå âå÷íîé óãðîçû âûèãðûøà ïåøêè (êàê â
ýòþäå!).} 49. Rg3 ({Âîò òèïà «ýòþä»:} 49. Kg3 Rf3+ 50. Kh4 Rxh3+ 51. Kxh3
Nxh7 52. Bc8 Nf6 53. Bxa6 Nfxg4 54. Bxb5 Kg7 {
è çäåñü òðóäíî íàäåÿòüÿñ íà îòëè÷íûé îò íè÷üè ðåçóëüòàò.}) 49... Kg7 ({
Êîíå÷íî, ïëîõî ñðàçó} 49... Nxh7 $2 50. Rh3 {è áåëûå âûèãðûâàþò ôèãóðó.}) 50.
Rh3 Kh8 51. Rg3 Kg7 52. Kg2 {Ìàãíóñ ðåøàåò îòäàòü «ãëàâíóþ» ïåøêó.} Nxh7 53.
Rd3 {Â âîçäóõå ïàõíåò íè÷üåé...} {È ïîñëå} Nf6 {
. ñîïåðíèêè íåìíîãî ïîêóøàëè ôèãóðû äðóã äðóãà} 54. Rxd6 Nexg4 55. Bxg4 Rxg4+
56. Kf3 Rg6 57. Rxa6 Kf7 58. Ra7+ Ke6 59. Ra6+ Kf7 60. Rxf6+ {
, è ñîãëàñèëèñü...} 1/2-1/2